The art of the potter (Record no. 2252)

MARC details
000 -CABECERA
campo de control de longitud fija 00656nam a2200229 a 4500
001 - NÚMERO DE CONTROL
campo de control BRCA_2511
005 - FECHA Y HORA DE LA ÚLTIMA TRANSACCIÓN
campo de control 20190320203838.0
008 - DATOS DE LONGITUD FIJA--INFORMACIÓN GENERAL
campo de control de longitud fija 251108s1946----enka---###---#000-0#eng-u
041 ## - CÓDIGO DE LENGUA
Código de lengua del texto/banda sonora o título independiente eng
044 ## - CÓDIGO DEL PAÍS DE LA ENTIDAD EDITORA/PRODUCTORA
Código MARC del país enk
050 #4 - SIGNATURA TOPOGRÁFICA DE LA BIBLIOTECA DEL CONGRESO
Número de clasificación NK4225
Número de documento/Ítem .H66 1946
100 1# - ENTRADA PRINCIPAL--NOMBRE DE PERSONA
Nombre de persona Honey, William Bowyer
9 (RLIN) 7219
245 10 - MENCIÓN DE TÍTULO
Título The art of the potter
Resto del título a Book for the Collector and Connoisseur
Mención de responsabilidad, etc. by William Bowyer Honey.
260 ## - PUBLICACIÓN, DISTRIBUCIÓN, ETC.
Lugar de publicación, distribución, etc. Londres
Nombre del editor, distribuidor, etc. Faber and Faber
Fecha de publicación, distribución, etc. 1946
300 ## - DESCRIPCIÓN FÍSICA
Extensión 111 p.
Otras características físicas il., 160 láminas
Dimensiones 25 cm.
500 ## - NOTA GENERAL
Nota general Incluye índice de láminas
500 ## - NOTA GENERAL
Nota general Ver también Y67 (1960)
500 ## - NOTA GENERAL
Nota general A3
650 14 - PUNTO DE ACCESO ADICIONAL DE MATERIA--TÉRMINO DE MATERIA
Término de materia o nombre geográfico como elemento de entrada Cerámica
9 (RLIN) 1200
902 ## - CATALOGADOR
Iniciales GFM
942 ## - ELEMENTOS DE PUNTO DE ACCESO ADICIONAL (KOHA)
Fuente del sistema de clasificación o colocación Library of Congress Classification
Tipo de ítem Koha Libros
Holdings
Estado de retiro Estado de pérdida Estado dañado No para préstamo Localización permanente Ubicación/localización actual Fecha de adquisición Número de inventario Total de préstamos Signatura topográfica completa Código de barras Fecha visto por última vez Precio válido a partir de Tipo de ítem Koha
El ejemplar forma parte de la colección y puede ser consultado según las políticas vigentes.       Biblioteca del Museo Franz Mayer (Rogerio Casas-Alatriste) Biblioteca del Museo Franz Mayer (Rogerio Casas-Alatriste) 25/11/2008 A3   NK4225 .H66 1946 (A3) 2508 22/03/2019 22/03/2019 Libros